000 01015nam a2200181Ia 4500
008 100921s9999 xx 000 0 und d
082 _b10530
_a030 थ 37
100 _aभिडे गणेश रंगो.संपा.
245 _aव्यावहारिक ज्ञानकोश भाग 1-अक्षय्यतृतीया ते गृहसौंदर्य.
260 _bव्यावहारिक ज्ञानकोश मंडळ,कोल्हापूर.
_c1937
300 _a408
_b---
365 _b10
520 _aसंकीर्ण ज्ञानकोश.
630 _aव्यावहारिक ज्ञानकोश भाग 1-अक्षय्यतृतीया ते गृहसौंदर्य.
650 _aसंकीर्ण ज्ञानकोश.
730 _aव्यावहारिक ज्ञानकोश भाग 1-अक्षय्यतृतीया ते गृहसौंदर्य.
942 _cBOOK
999 _c759643
_d759640